000 00468nam a2200181Ia 4500
008 090124s9999 xx 000 0 und d
082 _b132394
100 _aतिबिले अनंत.
245 _a गावकूस
250 _a1
260 _c2004
300 _a174
600 _aतिबिले अनंत.
630 _a गावकूस
700 _aतिबिले अनंत.
730 _a गावकूस
942 _cBOOK
999 _c178483
_d178483